000 01028cam a2200277 a 4500
001 4835055
003 OSt
005 20150114141312.0
008 900328s1991 nyua b 001 0 eng
010 _a 90035582
020 _a0801304075
040 _aDLC
_cDLC
_dDLC
050 0 0 _aJA86
_b.M35 1991
082 0 0 _a320.072
_220
_bMAN 1991
100 1 _aManheim, Jarol B.,
_d1946-
_92409
245 1 0 _aEmpirical political analysis :
_bresearch methods in political science /
_cJarol B. Manheim and Richard C. Rich ; with contributions by Donna L. Bahry, Philip A. Schrodt.
250 _a3rd ed.
260 _aNew York :
_bLongman,
_c1991.
300 _axii, 399 p. :
_bill.;
_c24 cm.
504 _aIncludes bibliographical references and index.
650 0 _aPolitical science
_xResearch.
_92410
700 1 _aRich, Richard C.
_92411
906 _a7
_bcbc
_corignew
_d1
_eocip
_f19
_gy-gencatlg
942 _2ddc
_cSLOAN
999 _c892
_d892